Music Quiz

Random Music or Kpop Quiz

Name the Gugudan Members Quiz Stats

 Plays Quiz not verified by Sporcle

Challenge
Share
Tweet
Score 0/9 Timer 01:00
0 Plays Today
% Correct
Hana
85.5%
Sejeong
82.7%
Mimi
77.2%
Soyee
76.9%
Nayoung
71%
Mina
69.4%
Haebin
69.1%
Sally
62.3%
Hyeyeon
60.2%

You're not logged in!

Compare scores with friends on all Sporcle quizzes.
OR
Log In

You Might Also Like...

Show Comments

Extras

Created Jul 27, 2016ReportNominate
Tags:Kpop Quiz, Kpop Quiz

Top Quizzes Today


Score Distribution

Your Account Isn't Verified!

In order to create a playlist on Sporcle, you need to verify the email address you used during registration. Go to your Sporcle Settings to finish the process.

Report this User

Report this user for behavior that violates our Community Guidelines.

Details: